| 000 | 00435nam a22001457a 4500 | ||
|---|---|---|---|
| 003 | OSt | ||
| 005 | 20260324114113.0 | ||
| 008 | 211115b ||||| |||| 00| 0 eng d | ||
| 040 | _cAIMIT LIBRARY | ||
| 100 |
_aMohammed, Ali; B, Santhosh. _d191801 _910393 |
||
| 245 | _aFinancial Accounting System / | ||
| 260 |
_aIntellogic Software Pvt Ltd., Mangalore. _bSanthosh B. _c2021 |
||
| 856 | _uwww.intellogic software.com | ||
| 942 |
_2ddc _cPRO |
||
| 999 |
_c220587 _d220587 |
||